| 000 | 00642nam a2200181Ia 4500 | ||
|---|---|---|---|
| 003 | GCL | ||
| 005 | 20240530110943.0 | ||
| 008 | 140319s9999 xx 000 0 ara d | ||
| 040 |
_aGCL / _cGCL |
||
| 082 | 0 | 4 |
_a364.143 _bم إ |
| 100 | 1 | _aمحمد يسرى ابراهيم دعبس | |
| 245 | 1 | 0 |
_aالارهاب بين التجريم والمرض : _bرؤية فى انثروبولوجيا الجريمة / _cمحمد يسرى ابراهيم دعبس |
| 260 |
_aالقاهرة : _bالمؤلف، _c1994 |
||
| 300 | _a131 ص | ||
| 490 |
_aعلم الانسان وقضايا المجتمع _v0 |
||
| 650 | 0 | 4 | _aالارهاب |
| 942 |
_2ddc _cBK |
||
| 999 |
_c66859 _d66859 |
||